Pfuu! Que pivete é este? (Registo nº 198873)
[ vista simples ]
| 000 -Etiqueta do registo | |
|---|---|
| Valores | 00698nam 22002293 4500 |
| 010 ## - Número ISBN | |
| ISBN | 978-989-616-682-3 |
| 021 ## - Número do Depósito Legal | |
| Código do país | Portugal |
| Número | 400505/2015 |
| 100 ## - Dados gerais de processamento | |
| Dados gerais | 20251106d u||y0pory50 ba |
| 200 ## - Titulo e menção de responsabilidade | |
| Título próprio | Pfuu! Que pivete é este? |
| Informação de outro título | tudo o que sempre quiseste saber sobre os cinco sentidos |
| Primeira menção de responsabilidade | texto de Glenn Murphy |
| Outras menções de responsabilidade | ilustrações Lorna Murphy |
| 205 ## - Menção da edição | |
| Edição | 1ª |
| 210 ## - Publicação | |
| Local de publicação | Lisboa |
| Nome do editor | Gradiva Publicações |
| Data de publicação | 2015 |
| 215 ## - Descrição física | |
| Paginação / Volumes | 158 p. |
| Outras indicações físicas | il. ; encadernado |
| Dimensões | 20 cm |
| 606 ## - Nome comum usado como assunto | |
| ID Autoridade | 927 |
| Palavra de ordem | Medicina |
| 610 ## - Termos não controlados | |
| Palavra de ordem | Cinco Sentidos |
| 675 ## - CDU | |
| Notação | 61 |
| Edição | PT |
| Língua | por |
| 700 ## - Autor principal (pessoa individual) | |
| ID Autoridade | 14783 |
| Apelido | Murphy |
| Nome | Glenn |
| 702 ## - Autor secundário (pessoa individual) | |
| ID Autoridade | 14784 |
| Apelido | Murphy |
| Nome | Lorna |
| 801 ## - Fonte de origem | |
| País | PT |
| Agência | BMMN |
| Regras de catalogação | RPC |
| 830 ## - Notas gerais do catalogador | |
| Criado por | Isabel |
| 990 ## - Elementos KOHA | |
| Tipo de documento | Livro |
| Situação do levantamento | Biblioteca de origem | Código de barras | Cota | Permissão de empréstimo | Tipo de documento | Forma de aquisição |
|---|---|---|---|---|---|---|
| Biblioteca Municipal de Montemor-o-Novo | 27448 | 61 MUR|AIJ | Livro | Oferta |